Comprehensive organic chemistry : the synthesis and reactions of organic compounds /

Bibliographic Details
Other Authors: Barton, Derek H. R., 1918-1998, Ollis, W. David
Format: Book
Language:English
Published: Oxford ; New York : Pergamon Press, 1979-
Subjects:

MARC

Tag First Indicator Second Indicator Subfields
LEADER 00000cam a22000008i 4500
001 in00000044275
005 20151007071046.0
008 780710m19799999enka b 00100 eng
010 |a  78040502  
015 |a GB78 
020 |a 0080213197 :  |c 500.00 ($1,000.00) 
035 |a (OCoLC)04136378 
035 |9 AAE5237AM 
040 |a DLC  |c DLC  |d VRC  |d AKM  |d OCL  |d TXA  |d UtOrBLW 
049 |a TXAM  |c 1  |v 1 [930396]  |v 2 [1115111]  |v 3 [930397]  |v 4 [930398]  |v 5 [930399]  |v 6 [930400]  |c 2  |v 2 [1115423] 
050 0 0 |a QD245  |b .C65 
082 0 |a 547 
096 |a QD 245 C739c 1978 
245 0 0 |a Comprehensive organic chemistry :  |b the synthesis and reactions of organic compounds /  |c chairman and deputy chariman of the editorial board, Sir Derek Barton and W. David Ollis. 
264 1 |a Oxford ;  |a New York :  |b Pergamon Press,  |c 1979- 
300 |a  volumes :  |b illustrations ;  |c 28 cm. 
336 |a text  |b txt  |2 rdacontent 
337 |a unmediated  |b n  |2 rdamedia 
338 |a volume  |b nc  |2 rdacarrier 
504 |a Includes bibliographical references and indexes. 
505 0 |a v. 1. Stoddart, J. F., Stereochemicstry, hydrocarbons, halo compounds, oxygen compounds.--v. 2. Sutherland, I. O. Nitrogen compounds carboxylic acids, phosphorus, coupounds.--v. 3. Jones, D. N., Sulphur, selenium, silicon, boron, organometallic compounds.--v. 4. Sammes, P. G., Heterocyclic compounds.--v. 5. Haslam, E., Biological compounds.--v. 6. Drayton, C. J. Formula, subject, author, reaction, and reagent indexes. 
650 0 |a Chemistry, Organic. 
650 2 |a Chemistry, Organic  |x collected works. 
700 1 |a Barton, Derek H. R.,  |d 1918-1998. 
700 1 |a Ollis, W. David. 
999 |a MARS 
999 f f |s 2dfb61bb-1bfc-347d-a2c5-451c6fa16375  |i 2bad2aa7-7ad3-3a0c-801c-0de9f31e3f8a  |t 0 
952 f f |p normal  |a Texas A&M University  |b College Station  |c Sterling C. Evans Library  |s Evans stk  |d Evans: Library Stacks  |t 0  |e QD245 .C65  |h Library of Congress classification  |i unmediated -- volume  |k v.2  |m A14804689837 
952 f f |p normal  |a Texas A&M University  |b College Station  |c Sterling C. Evans Library  |s Evans stk  |d Evans: Library Stacks  |t 0  |e QD245 .C65  |h Library of Congress classification  |i unmediated -- volume  |k v.5  |m A14807378011 
952 f f |p normal  |a Texas A&M University  |b College Station  |c Sterling C. Evans Library  |s Evans stk  |d Evans: Library Stacks  |t 0  |e QD245 .C65  |h Library of Congress classification  |i unmediated -- volume  |k v.3  |m A14804689845 
952 f f |p normal  |a Texas A&M University  |b College Station  |c Sterling C. Evans Library  |s Evans stk  |d Evans: Library Stacks  |t 0  |e QD245 .C65  |h Library of Congress classification  |i unmediated -- volume  |k v.1  |m A14804689829 
952 f f |p normal  |a Texas A&M University  |b College Station  |c Sterling C. Evans Library  |s Evans stk  |d Evans: Library Stacks  |t 0  |e QD245 .C65  |h Library of Congress classification  |i unmediated -- volume  |k v.6  |m A14804689879 
952 f f |p normal  |a Texas A&M University  |b College Station  |c Sterling C. Evans Library  |s Evans stk  |d Evans: Library Stacks  |t 0  |e QD245 .C65  |h Library of Congress classification  |i unmediated -- volume  |k v.4  |m A14804689853 
998 f f |a QD245 .C65  |s v.1-v.6  |t 0  |l Evans: Library Stacks